|
|
|
|
| LEADER |
00000nab a2200000 a 4500 |
| 001 |
vtls000791546 |
| 003 |
SK-MaSNL |
| 005 |
20260302160056.0 |
| 008 |
180207c2001 xo 0 slo |
| 015 |
|
|
|a SNBRB2002/04-13777
|
| 035 |
|
|
|a CLN000143201
|
| 040 |
|
|
|a SNKBUCL
|b slo
|c SNKBUCL
|e AACR2
|
| 041 |
0 |
|
|a slo
|
| 044 |
|
|
|a xo
|c SK
|
| 080 |
|
|
|a 620.95:628.47.042
|2 UDC-MRF-SK2
|
| 080 |
|
|
|a 504.064.45
|2 UDC-MRF-SK2
|
| 080 |
|
|
|a 628.47.042
|2 UDC-MRF-SK2
|
| 100 |
1 |
|
|a Jankovič, Slavomír
|4 aut
|9 855595
|
| 245 |
1 |
0 |
|a Alternatívou nie je ignorovanie alternatívnej energie
|c Slavomír Jankovič
|
| 504 |
|
|
|a Res. angl. v summary
|
| 610 |
|
7 |
|a Shell Renewables
|x zdroje energetické obnoviteľné
|2 snkbucl
|9 855596
|
| 650 |
0 |
7 |
|a biomasa
|x využitie energetické
|2 snkbucl
|9 838379
|
| 650 |
0 |
7 |
|a zdroje energetické obnoviteľné
|2 snkbucl
|9 841363
|
| 655 |
|
7 |
|a články z novín a časopisov
|2 snkbucl
|9 267496
|
| 773 |
0 |
|
|t XXI. storočie
|g Roč. 4, č. 2 (2001), s. 64
|
| 850 |
|
|
|a Slovenská národná knižnica v Martine
|
| 852 |
|
|
|a SNK
|b KIS3GCP
|
| 958 |
|
|
|a RBX
|
| 999 |
|
|
|c 1373449
|d 1375379
|